000 00457nam a2200181Ia 4500
005 20250326144216.0
008 250326s9999 xx 000 0 und d
037 _aTextbook
040 _aFMSL
_beng
_cFMSL
041 _aeng
_2eng
084 _qFMSL
100 _aGovt. OF India
245 0 _aIndian labour year book 1965
_cGovt. OF India
260 _aDelhi
_bDelhi, Division
_c1965
300 _a391p
942 _cTB
999 _c1302804
_d1302804